| 000 | 00451nam a2200157Ia 4500 | ||
|---|---|---|---|
| 003 | IN-BaIIA | ||
| 008 | 211028s9999 xx 000 0 eng d | ||
| 040 | _cIIA Library | ||
| 080 |
_a517.91 _bSEA |
||
| 100 |
_aSearl, J. W. _94613 |
||
| 245 | 3 |
_aAn introduction to the solution and application of differential equations _cJ.W. Searl |
|
| 260 |
_aLondon _bHeinemann _c1966 |
||
| 300 | _avii, 144p. | ||
| 650 |
_aDifferential equations _91510 |
||
| 942 | _cBK | ||
| 999 |
_c2597 _d2597 |
||